[Event "Karlsruhe Grenke op"]
[Site "Karlsruhe"]
[Date "2019.04.19"]
[Round "2"]
[White "Baldauf, Marco"]
[Black "Bluhm, Sonja Maria"]
[Result "1-0"]
[WhiteElo "2493"]
[BlackElo "2233"]
[PlyCount "81"]
[EventDate "2019.04.18"]
[EventType "swiss"]
[EventRounds "9"]
[EventCountry "GER"]
[SourceTitle "CBM 189 Extra"]
[Source "ChessBase"]
[SourceDate "2019.06.03"]
[SourceVersion "1"]
[SourceVersionDate "2019.06.03"]
[SourceQuality "1"]

1. d4 d5 2. c4 c6 3. Nc3 Nf6 4. e3 a6 5. Nf3 Bf5 6. Bd2 e6 7. Qb3 Ra7 8. Nh4 Bg6 9. Nxg6 hxg6 10. g3 Bd6 11. Bg2 Nbd7 12. 0-0 0-0 13. Rfd1 Qe7 14. c5 Bc7 15. Qc2 e5 16. Re1 e4 17. b4 Nh7 18. a4 a5 19. b5 Bb8 20. Rab1 g5 21. bxc6 bxc6 22. Nxe4 dxe4 23. Bxe4 g6 24. Bxc6 g4 25. Bg2 Ng5 26. e4 Nh3+ 27. Kf1 Rd8 28. Be3 Nf8 29. Qe2 Qd7 30. d5 Qc8 31. Rxb8 Qxb8 32. Qxg4 Nxf2 33. Bxf2 Rb7 34. c6 Rb1 35. Qf4 Rxe1+ 36. Bxe1 Qb3 37. Kg1 Qc4 38. h4 Re8 39. Kh2 Qxa4 40. Bc3 Nh7 41. Qh6 1-0

[Event "Bundesliga 1819"]
[Site "Germany"]
[Date "2019.03.09"]
[Round "12.8"]
[White "Buckels, Valentin"]
[Black "Bluhm, Sonja Maria"]
[Result "1-0"]
[WhiteElo "2427"]
[BlackElo "2229"]
[PlyCount "81"]
[EventDate "2018.11.10"]
[EventType "team-tourn"]
[EventRounds "15"]
[EventCountry "GER"]
[SourceTitle "CBM 189 Extra"]
[Source "ChessBase"]
[SourceDate "2019.06.03"]
[SourceVersion "1"]
[SourceVersionDate "2019.06.03"]
[SourceQuality "1"]
[WhiteTeam "Muelheim Nord"]
[BlackTeam "Hofheim"]
[WhiteTeamCountry "GER"]
[BlackTeamCountry "GER"]

1. d4 Nf6 2. c4 g6 3. Nf3 Bg7 4. g3 0-0 5. Bg2 d6 6. 0-0 Nc6 7. Nc3 a6 8. b3 Rb8 9. d5 Na5 10. Bg5 c5 11. dxc6 Nxc6 12. Rc1 Bf5 13. Nd5 Ne4 14. Be3 e6 15. Bb6 Qd7 16. Ne3 Nc3 17. Qd2 Ne4 18. Qe1 Nf6 19. Nxf5 gxf5 20. b4 Rfc8 21. a3 Ne7 22. Qd1 Rc6 23. Bd4 Rc7 24. Qb3 b5 25. Rfd1 bxc4 26. Rxc4 Ned5 27. Rdc1 Rbc8 28. Nd2 e5 29. Bb2 Nb6 30. R4c2 Ne8 31. Bh3 d5 32. Rxc7 Rxc7 33. Rxc7 Nxc7 34. Qc2 e4 35. Bxg7 Kxg7 36. Qc5 Nca8 37. Nb3 Qa4 38. Nd4 Qxa3 39. Nxf5+ Kg8 40. Qe7 Qc1+ 41. Kg2 1-0

[Event "BL 1819 (Women)"]
[Site "Germany"]
[Date "2018.11.17"]
[Round "3.1"]
[White "Bluhm, Sonja Maria"]
[Black "Khademalsharieh, Sarasadat"]
[Result "0-1"]
[WhiteElo "2281"]
[BlackElo "2431"]
[PlyCount "68"]
[EventDate "2018.10.27"]
[EventType "team-tourn"]
[EventRounds "11"]
[EventCountry "GER"]
[SourceTitle "CBM 188 Extra"]
[Source "ChessBase"]
[SourceDate "2019.02.26"]
[SourceVersion "1"]
[SourceVersionDate "2019.02.26"]
[SourceQuality "1"]
[WhiteTeam "Hofheim (W)"]
[BlackTeam "Hamburger SK (W)"]
[WhiteTeamCountry "GER"]
[BlackTeamCountry "GER"]

1. e4 e5 2. Nf3 Nc6 3. Bc4 Nf6 4. d3 h6 5. c3 d6 6. Bb3 g6 7. Nbd2 Bg7 8. 0-0 0-0 9. Re1 Na5 10. Bc2 c5 11. h3 Qc7 12. Nb3 Nc6 13. Be3 Re8 14. d4 b6 15. dxc5 dxc5 16. Qe2 Nh5 17. Rad1 Nf4 18. Bxf4 exf4 19. Bd3 Be6 20. Bc4 Bxc4 21. Qxc4 Re6 22. Nbd2 Rae8 23. b4 Ne5 24. Nxe5 Qxe5 25. Rc1 Qc7 26. Nb3 Qc6 27. b5 Qb7 28. f3 Qd7 29. Re2 Rd6 30. Rec2 Rd8 31. Qe2 Bf6 32. Rf1 Rd3 33. c4 Re3 34. Qf2 Rxb3 0-1

[Event "Youth District Germany"]
[Site "Wuerzburg"]
[Date "2018.10.07"]
[Round "7.4"]
[White "Bluhm, Sonja Maria"]
[Black "Muetsch, Annmarie"]
[Result "0-1"]
[WhiteElo "2281"]
[BlackElo "2194"]
[PlyCount "86"]
[EventDate "2018.10.02"]
[EventType "team-swiss"]
[EventRounds "7"]
[EventCountry "GER"]
[SourceTitle "CBM 186 Extra"]
[Source "ChessBase"]
[SourceDate "2018.08.24"]
[SourceVersion "1"]
[SourceVersionDate "2018.08.24"]
[SourceQuality "1"]
[WhiteTeam "Hessen U20"]
[BlackTeam "Baden U20"]
[WhiteTeamCountry "GER"]
[BlackTeamCountry "GER"]

1. e4 c5 2. Nc3 Nc6 3. Bb5 Nd4 4. Bc4 e6 5. Nge2 Nf6 6. 0-0 a6 7. d3 b5 8. Bb3 Nxb3 9. axb3 Bb7 10. f4 h5 11. f5 Qb6 12. Kh1 Bd6 13. Bf4 Ng4 14. Qe1 exf5 15. exf5 0-0-0 16. Ne4 Bxf4 17. Rxf4 d5 18. N4c3 Ne3 19. Qd2 d4 20. Ne4 g5 21. Rf3 Rhe8 22. b4 c4 23. Rc1 Bxe4 24. dxe4 Rxe4 25. Ng3 Re5 26. Re1 f6 27. Nxh5 Rh8 28. Ng3 Ng4 29. h3 Rxe1+ 30. Qxe1 Ne5 31. Ra3 g4 32. Qe4 Kb8 33. Ne2 d3 34. Nf4 gxh3 35. Nxh3 d2 36. Ra1 Rd8 37. Rd1 Qc6 38. Qf4 c3 39. b3 Rg8 40. Qf2 Ng4 41. Qf4+ Qc7 42. Kg1 Qxf4 43. Nxf4 Ne3 0-1

[Event "Youth District Germany"]
[Site "Wuerzburg"]
[Date "2018.10.05"]
[Round "5.4"]
[White "Bluhm, Sonja Maria"]
[Black "Nguyen, Alex Dac Vuong"]
[Result "0-1"]
[WhiteElo "2281"]
[BlackElo "2240"]
[PlyCount "94"]
[EventDate "2018.10.02"]
[EventType "team-swiss"]
[EventRounds "7"]
[EventCountry "GER"]
[SourceTitle "CBM 186 Extra"]
[Source "ChessBase"]
[SourceDate "2018.08.24"]
[SourceVersion "1"]
[SourceVersionDate "2018.08.24"]
[SourceQuality "1"]
[WhiteTeam "Hessen U20"]
[BlackTeam "Sachsen U20"]
[WhiteTeamCountry "GER"]
[BlackTeamCountry "GER"]

1. e4 e6 2. d3 d5 3. Nd2 Nf6 4. g3 dxe4 5. dxe4 b6 6. Bg2 Bb7 7. Ne2 Bc5 8. h3 0-0 9. 0-0 e5 10. b3 Qe7 11. Bb2 Rd8 12. Qc1 a5 13. a3 Ba6 14. c4 Nc6 15. Nc3 Nd4 16. Re1 c6 17. Na4 Ne8 18. Nxc5 bxc5 19. Bc3 Bb7 20. Rb1 Nc7 21. Nf1 Nce6 22. Ne3 g6 23. Ng4 f6 24. h4 h5 25. Nh2 Kg7 26. Rb2 a4 27. b4 Nb3 28. Qe3 Ned4 29. Bf1 Ba6 30. bxc5 Qe6 31. Bxd4 exd4 32. Qf4 Ra7 33. e5 f5 34. Nf3 d3 35. Rd1 Rad7 36. Ng5 Qxc4 37. Qf3 Bb5 38. Qe3 Re7 39. Nh3 Qxc5 40. Qg5 Qxe5 41. Nf4 Rd6 42. Nxh5+ Kf7 43. Nf4 Qxb2 44. h5 Qf6 45. hxg6+ Kf8 46. Qh6+ Qg7 47. Qg5 Nd4 0-1

[Event "Vlissingen HZ op 22nd"]
[Site "Vlissingen"]
[Date "2018.08.04"]
[Round "1"]
[White "Hofstee, Piet"]
[Black "Bluhm, Sonja Maria"]
[Result "0-1"]
[WhiteElo "1707"]
[BlackElo "2279"]
[PlyCount "34"]
[EventDate "2018.08.04"]
[EventType "swiss"]
[EventRounds "9"]
[EventCountry "NED"]
[SourceTitle "CBM 185 Extra"]
[Source "ChessBase"]
[SourceDate "2018.07.29"]
[SourceVersion "1"]
[SourceVersionDate "2018.07.29"]
[SourceQuality "1"]

1. d4 Nf6 2. c4 g6 3. Nc3 Bg7 4. e4 d6 5. Nge2 0-0 6. Ng3 Nbd7 7. Be2 a6 8. Be3 c5 9. d5 b5 10. cxb5 axb5 11. Bxb5 Ba6 12. Bxa6 Rxa6 13. Qe2 Qa5 14. 0-0 Rb8 15. Rfd1 Rab6 16. Rd2 Ne8 17. f4 Rxb2 0-1

[Event "BL 1718 (Women)"]
[Site "Germany"]
[Date "2018.03.25"]
[Round "11.1"]
[White "Socko, Monika"]
[Black "Bluhm, Sonja Maria"]
[Result "1-0"]
[WhiteElo "2479"]
[BlackElo "2271"]
[PlyCount "91"]
[EventDate "2017.10.01"]
[EventType "team-tourn"]
[EventRounds "11"]
[EventCountry "GER"]
[SourceTitle "EXT 2019"]
[Source "ChessBase"]
[SourceDate "2018.10.10"]
[SourceVersion "1"]
[SourceVersionDate "2018.10.10"]
[SourceQuality "1"]
[WhiteTeam "Hamburger SK (W)"]
[BlackTeam "Hofheim (W)"]
[WhiteTeamCountry "GER"]
[BlackTeamCountry "GER"]

1. e4 e5 2. Nf3 Nc6 3. Bb5 a6 4. Bxc6 dxc6 5. Nc3 Qf6 6. d4 exd4 7. Qxd4 Qxd4 8. Nxd4 Bb4 9. Bd2 Nf6 10. f3 Bd7 11. Nce2 Bxd2+ 12. Kxd2 0-0-0 13. Ke3 c5 14. Nb3 b6 15. Rhd1 Rde8 16. Kf2 Bc6 17. Nd2 Nd7 18. Nc4 f5 19. exf5 Bb5 20. b3 Bxc4 21. bxc4 Ne5 22. Nf4 Rhf8 23. Ne6 Rf7 24. Re1 Nxc4 25. g4 h6 26. h4 Nd6 27. Re2 Kd7 28. Rae1 Kc6 29. Kg3 b5 30. Re5 c4 31. Kf4 g6 32. Nd4+ Kd7 33. Rxe8 Nxe8 34. Nc6 Kxc6 35. Rxe8 Kd5 36. Rd8+ Kc5 37. Ke5 gxf5 38. g5 hxg5 39. hxg5 Kb4 40. g6 Rg7 41. Kxf5 Kc3 42. Kf6 Rxg6+ 43. Kxg6 Kxc2 44. f4 Kb1 45. f5 c3 46. Rc8 1-0

[Event "BL 1718 (Women)"]
[Site "Germany"]
[Date "2018.03.24"]
[Round "10.1"]
[White "Bluhm, Sonja Maria"]
[Black "Michna, Marta"]
[Result "1-0"]
[WhiteElo "2271"]
[BlackElo "2376"]
[PlyCount "105"]
[EventDate "2017.10.01"]
[EventType "team-tourn"]
[EventRounds "11"]
[EventCountry "GER"]
[SourceTitle "EXT 2019"]
[Source "ChessBase"]
[SourceDate "2018.10.10"]
[SourceVersion "1"]
[SourceVersionDate "2018.10.10"]
[SourceQuality "1"]
[WhiteTeam "Hofheim (W)"]
[BlackTeam "Kiel Doppelbauer (W)"]
[WhiteTeamCountry "GER"]
[BlackTeamCountry "GER"]

1. e4 e6 2. d4 b6 3. Nc3 Bb7 4. f4 Bb4 5. Bd3 f5 6. Qe2 fxe4 7. Bxe4 Bxe4 8. Qxe4 Nc6 9. Bd2 Nf6 10. Qd3 0-0 11. Nf3 Ne7 12. 0-0 Nf5 13. Rae1 Qe8 14. Ne4 Bxd2 15. Qxd2 Nxe4 16. Rxe4 Nd6 17. Ree1 c6 18. Ne5 b5 19. b3 Nf5 20. c4 bxc4 21. bxc4 d6 22. Nf3 Qd7 23. Re2 Rae8 24. Rfe1 g6 25. a4 Ng7 26. Ng5 h6 27. Ne4 Nf5 28. a5 Qg7 29. Rd1 Qc7 30. Rde1 Qg7 31. Rd1 Qc7 32. Rde1 c5 33. dxc5 dxc5 34. Qc3 Nd4 35. Rf2 Re7 36. Qg3 Kg7 37. Qa3 Rf5 38. g3 g5 39. fxg5 hxg5 40. Ref1 Re5 41. Nf6 Rf5 42. Rxf5 Nxf5 43. Qc3 Nd4 44. Qe3 Kg6 45. Qe4+ Nf5 46. Nd5 exd5 47. Qxf5+ Kh6 48. Qf6+ Kh7 49. Qxg5 d4 50. Rf6 Rg7 51. Qf5+ Kh8 52. Rf8+ Rg8 53. Rf7 1-0

[Event "Vlissingen HZ op 21st"]
[Site "Vlissingen"]
[Date "2017.08.10"]
[Round "7"]
[White "Wagenvoorde, Guido"]
[Black "Bluhm, Sonja Maria"]
[Result "0-1"]
[WhiteElo "2027"]
[BlackElo "2255"]
[PlyCount "120"]
[EventDate "2017.08.05"]
[EventType "swiss"]
[EventRounds "9"]
[EventCountry "NED"]
[SourceTitle "CBM 179 Extra"]
[Source "ChessBase"]
[SourceDate "2017.08.23"]
[SourceVersion "1"]
[SourceVersionDate "2017.08.23"]
[SourceQuality "1"]

1. d4 Nf6 2. c4 g6 3. Nc3 Bg7 4. e4 d6 5. Be2 0-0 6. Bg5 c5 7. d5 a6 8. Qd2 Qa5 9. a4 b5 10. cxb5 axb5 11. Bxb5 Ba6 12. f3 Rd8 13. Nge2 Nbd7 14. 0-0 Nb6 15. Qc2 Nc8 16. Bxa6 Rxa6 17. Nb5 Na7 18. Nec3 Rb8 19. b3 Qb6 20. Be3 Qb7 21. Rac1 Ne8 22. Rb1 Nc7 23. Nxa7 Qxa7 24. b4 Bd4 25. Bxd4 cxd4 26. Nb5 Nxb5 27. axb5 Rxb5 28. Qd3 Qb6 29. Rfd1 Ra4 30. Qxd4 Raxb4 31. Rxb4 Rxb4 32. Qxb6 Rxb6 33. Kf2 Kg7 34. Ra1 f5 35. exf5 gxf5 36. Rd1 Rb4 37. Ke3 Rb2 38. Rd2 f4+ 39. Kd3 Rxd2+ 40. Kxd2 Kf6 41. Kd3 Ke5 42. Kc4 h6 43. h3 h5 44. h4 e6 45. dxe6 d5+ 46. Kd3 Kxe6 47. Kc3 Kd7 48. Kd3 Kc6 49. Kc3 Kc5 50. Kd3 d4 51. Ke4 Kc4 52. Kxf4 d3 53. g4 d2 54. g5 d1Q 55. g6 Kd5 56. Kg5 Qxf3 57. g7 Qf7 58. Kh6 Ke6 59. g8Q Qxg8 60. Kxh5 Kf5 0-1

[Event "Vlissingen HZ op 21st"]
[Site "Vlissingen"]
[Date "2017.08.07"]
[Round "4"]
[White "Bluhm, Sonja Maria"]
[Black "Ten Hertog, Hugo"]
[Result "1/2-1/2"]
[WhiteElo "2255"]
[BlackElo "2466"]
[PlyCount "74"]
[EventDate "2017.08.05"]
[EventType "swiss"]
[EventRounds "9"]
[EventCountry "NED"]
[SourceTitle "CBM 179 Extra"]
[Source "ChessBase"]
[SourceDate "2017.08.23"]
[SourceVersion "1"]
[SourceVersionDate "2017.08.23"]
[SourceQuality "1"]

1. e4 g6 2. d4 Bg7 3. Nf3 d6 4. Bc4 e6 5. 0-0 Ne7 6. Bf4 h6 7. c3 Nd7 8. Nbd2 g5 9. Be3 d5 10. Bb3 f5 11. exf5 exf5 12. Ne5 Nxe5 13. dxe5 Bxe5 14. Qh5+ Kf8 15. Nf3 Bf6 16. Bc5 Kg7 17. Bxe7 Qxe7 18. Bxd5 Qe8 19. Qxe8 Rxe8 20. Rfe1 Bd7 21. Rxe8 Rxe8 22. Re1 Rd8 23. h3 Bc8 24. Bb3 h5 25. Nd4 Bxd4 26. Re7+ Kf6 27. Rf7+ Kg6 28. cxd4 Bd7 29. Re7 Kf6 30. Rf7+ Kg6 31. Re7 f4 32. Bc2+ Kf6 33. Rh7 h4 34. Rh6+ Kf7 35. Rh7+ Kf6 36. Rh6+ Ke7 37. Rh7+ Kf6 1/2-1/2

[Event "Vlissingen HZ op 21st"]
[Site "Vlissingen"]
[Date "2017.08.06"]
[Round "3"]
[White "Hausrath, Daniel"]
[Black "Bluhm, Sonja Maria"]
[Result "1/2-1/2"]
[WhiteElo "2491"]
[BlackElo "2255"]
[PlyCount "75"]
[EventDate "2017.08.05"]
[EventType "swiss"]
[EventRounds "9"]
[EventCountry "NED"]
[SourceTitle "CBM 179 Extra"]
[Source "ChessBase"]
[SourceDate "2017.08.23"]
[SourceVersion "1"]
[SourceVersionDate "2017.08.23"]
[SourceQuality "1"]

1. Nf3 d5 2. g3 Nc6 3. d4 Bf5 4. Bg2 Nb4 5. Na3 e6 6. 0-0 h6 7. c3 Nc6 8. Nc2 Be4 9. Nce1 Nf6 10. Nd3 Bd6 11. b4 a6 12. Nc5 Bxc5 13. bxc5 0-0 14. Bf4 Nh5 15. Bd2 Re8 16. g4 Nf6 17. g5 hxg5 18. Bxg5 e5 19. e3 Qe7 20. Bh3 b6 21. cxb6 cxb6 22. Nh4 Qd6 23. f3 Nh7 24. dxe5 Nxe5 25. Bf4 Bg6 26. Qd4 Qf6 27. Bg3 Nc4 28. Nxg6 Qxg6 29. e4 Qh6 30. exd5 Ne3 31. Bd7 Nxf1 32. Rxf1 Re2 33. d6 Rd8 34. Bf5 Rd2 35. Qxb6 R2xd6 36. Bxd6 Rxd6 37. Qb8+ Nf8 38. Kh1 1/2-1/2

[Event "Basel op"]
[Site "Basel"]
[Date "2017.01.04"]
[Round "4"]
[White "Bluhm, Sonja Maria"]
[Black "Guennigmann, Manuel"]
[Result "1/2-1/2"]
[WhiteElo "2276"]
[BlackElo "2183"]
[PlyCount "82"]
[EventDate "2017.01.02"]
[EventType "swiss"]
[EventRounds "9"]
[EventCountry "SUI"]
[SourceTitle "CBM 176 Extra"]
[Source "ChessBase"]
[SourceDate "2017.03.02"]
[SourceVersion "1"]
[SourceVersionDate "2017.03.02"]
[SourceQuality "1"]

1. d4 Nf6 2. Bf4 g6 3. Nc3 d5 4. Qd2 Bg7 5. Bh6 Bxh6 6. Qxh6 c6 7. e3 Qd6 8. f3 Nbd7 9. 0-0-0 e5 10. dxe5 Qxe5 11. e4 d4 12. Nce2 c5 13. c3 dxc3 14. Nxc3 Nb6 15. Nb5 Ke7 16. Ne2 Be6 17. Nec3 Rhd8 18. Be2 Nh5 19. g3 c4 20. f4 Qc5 21. f5 Bd7 22. Nd5+ Nxd5 23. Rxd5 Qb6 24. fxg6 hxg6 25. Re5+ Be6 26. Bxh5 gxh5 27. Rf1 c3 28. Qf6+ Kf8 29. Qh6+ Ke7 30. Nxc3 Rac8 31. Rxh5 Qd4 32. Qg5+ f6 33. Rh7+ Bf7 34. Rxf7+ Kxf7 35. Qh5+ Kg7 36. Qg4+ Kf8 37. Qf4 Rxc3+ 38. bxc3 Qxc3+ 39. Kb1 Qb4+ 40. Ka1 Qc3+ 41. Kb1 Qb4+ 1/2-1/2

[Event "Basel op"]
[Site "Basel"]
[Date "2017.01.03"]
[Round "2"]
[White "Bluhm, Sonja Maria"]
[Black "Brait, Wolfgang"]
[Result "1-0"]
[WhiteElo "2276"]
[BlackElo "1923"]
[PlyCount "53"]
[EventDate "2017.01.02"]
[EventType "swiss"]
[EventRounds "9"]
[EventCountry "SUI"]
[SourceTitle "CBM 176 Extra"]
[Source "ChessBase"]
[SourceDate "2017.03.02"]
[SourceVersion "1"]
[SourceVersionDate "2017.03.02"]
[SourceQuality "1"]

1. e4 e6 2. d3 b6 3. g3 Bb7 4. Bg2 c5 5. f4 d5 6. e5 Nc6 7. c3 h5 8. Nh3 Nge7 9. Be3 Nf5 10. Bf2 Qc7 11. a4 d4 12. 0-0 Be7 13. Nd2 Rd8 14. Qe2 Na5 15. Ne4 c4 16. dxc4 d3 17. Qf3 Nxc4 18. Rfd1 d2 19. Qe2 Bxe4 20. Bxe4 Bc5 21. Bd3 Nfe3 22. Bxc4 Nxc4 23. b3 Na5 24. Ra2 Nxb3 25. Qb5+ Ke7 26. Qxb3 Rd3 27. Raxd2 1-0

[Event "Vlissingen HZ op 20th"]
[Site "Vlissingen"]
[Date "2016.08.11"]
[Round "7"]
[White "Haak, Eelco"]
[Black "Bluhm, Sonja Maria"]
[Result "0-1"]
[WhiteElo "2072"]
[BlackElo "2235"]
[PlyCount "70"]
[EventDate "2016.08.06"]
[EventType "swiss"]
[EventRounds "9"]
[EventCountry "NED"]
[SourceTitle "CBM 173 Extra"]
[Source "ChessBase"]
[SourceDate "2016.08.29"]
[SourceVersion "1"]
[SourceVersionDate "2016.08.29"]
[SourceQuality "1"]

1. d4 Nf6 2. c4 b6 3. Nf3 Bb7 4. g3 g6 5. Bg2 Bg7 6. 0-0 0-0 7. Nc3 d5 8. Ne5 e6 9. Bg5 h6 10. Bxf6 Bxf6 11. cxd5 exd5 12. e4 Nd7 13. f4 c5 14. Qa4 Nxe5 15. dxe5 d4 16. exf6 dxc3 17. Rad1 Qe8 18. Qd7 Bxe4 19. Qh3 Kh7 20. Rde1 Bxg2 21. Qxg2 Qd8 22. f5 g5 23. bxc3 Qxf6 24. Qb7 Qxc3 25. f6 Qd4+ 26. Rf2 Rad8 27. Qxa7 c4 28. Qa4 Rd6 29. Qc2+ Qd3 30. Qa4 c3 31. Qb3 b5 32. a3 Kg8 33. Qb4 Rfd8 34. Rc1 Rc6 35. Qb3 Rdd6 0-1

[Event "Vlissingen HZ op 20th"]
[Site "Vlissingen"]
[Date "2016.08.09"]
[Round "5"]
[White "Docx, Stefan"]
[Black "Bluhm, Sonja Maria"]
[Result "1/2-1/2"]
[WhiteElo "2420"]
[BlackElo "2235"]
[PlyCount "65"]
[EventDate "2016.08.06"]
[EventType "swiss"]
[EventRounds "9"]
[EventCountry "NED"]
[SourceTitle "CBM 173 Extra"]
[Source "ChessBase"]
[SourceDate "2016.08.29"]
[SourceVersion "1"]
[SourceVersionDate "2016.08.29"]
[SourceQuality "1"]

1. d4 d5 2. c4 c6 3. cxd5 cxd5 4. Bf4 Nf6 5. e3 Nc6 6. Bd3 e6 7. Nc3 Bd6 8. Bxd6 Qxd6 9. f4 a6 10. Nf3 b5 11. Rc1 Bb7 12. Ne5 0-0 13. g4 Qb4 14. g5 Ne4 15. Bxe4 dxe4 16. Nd7 Rfd8 17. Ne5 Nxe5 18. fxe5 Qxb2 19. 0-0 Rac8 20. Ne2 Rxc1 21. Nxc1 Rc8 22. Nb3 Rc2 23. Qg4 Rxh2 24. Qg3 Rc2 25. Nc5 Bd5 26. Qf4 Kh8 27. Qh4 Rc1 28. g6 Rxf1+ 29. Kxf1 Bc4+ 30. Kg1 Qc1+ 31. Kh2 Qd2+ 32. Kh1 Qc1+ 33. Kh2 1/2-1/2

[Event "Vlissingen HZ op 20th"]
[Site "Vlissingen"]
[Date "2016.08.07"]
[Round "3"]
[White "Reichardt, Jasper"]
[Black "Bluhm, Sonja Maria"]
[Result "0-1"]
[WhiteElo "1934"]
[BlackElo "2235"]
[PlyCount "114"]
[EventDate "2016.08.06"]
[EventType "swiss"]
[EventRounds "9"]
[EventCountry "NED"]
[SourceTitle "CBM 173 Extra"]
[Source "ChessBase"]
[SourceDate "2016.08.29"]
[SourceVersion "1"]
[SourceVersionDate "2016.08.29"]
[SourceQuality "1"]

1. c4 e5 2. Nc3 Nf6 3. Nf3 Nc6 4. g3 d5 5. cxd5 Nxd5 6. Bg2 Nb6 7. 0-0 Be7 8. d3 0-0 9. a3 Re8 10. Be3 Bf8 11. Rc1 Bg4 12. Nd2 Qd7 13. Nde4 Bh3 14. Bc5 Bxg2 15. Kxg2 Nd4 16. Bxf8 Rxf8 17. b4 c6 18. Nc5 Qe7 19. e3 Nf5 20. Qc2 g6 21. Rfd1 Rad8 22. Qb2 Ng7 23. Ne2 Nd5 24. d4 e4 25. Nc3 Nxc3 26. Rxc3 Rd5 27. Qe2 b6 28. Nb3 Qe6 29. Rdc1 Rh5 30. h4 g5 31. d5 cxd5 32. Nd4 Qg6 33. Rc6 f6 34. hxg5 Qxg5 35. Rh1 Rxh1 36. Kxh1 h5 37. Qf1 Qg4 38. Kh2 h4 39. Qh3 hxg3+ 40. Qxg3 Qxg3+ 41. Kxg3 Ne8 42. Nf5 Kf7 43. Nd6+ Nxd6 44. Rxd6 Rg8+ 45. Kf4 Rg5 46. Rd7+ Ke6 47. Rxa7 Rg2 48. Ra6 Rxf2+ 49. Kg4 f5+ 50. Kg5 Rg2+ 51. Kh4 f4 52. exf4 e3 53. Rxb6+ Kf5 54. Rb8 e2 55. Re8 Kxf4 56. Kh3 Rg3+ 57. Kh2 Re3 0-1

[Event "Vaujany op-A 7th"]
[Site "Vaujany"]
[Date "2016.07.22"]
[Round "7"]
[White "Bauer, Christian"]
[Black "Bluhm, Sonja Maria"]
[Result "1-0"]
[WhiteElo "2621"]
[BlackElo "2229"]
[PlyCount "67"]
[EventDate "2016.07.16"]
[EventType "swiss"]
[EventRounds "9"]
[EventCountry "FRA"]
[SourceTitle "EXT 2017"]
[Source "ChessBase"]
[SourceDate "2016.10.25"]
[SourceVersion "1"]
[SourceVersionDate "2016.10.25"]
[SourceQuality "1"]

1. d4 d5 2. c4 c6 3. Nc3 dxc4 4. e3 Be6 5. Nf3 b5 6. a4 b4 7. Ne4 Nf6 8. Ned2 g6 9. Nxc4 Bg7 10. Bd2 a5 11. Rc1 0-0 12. Nce5 Bd5 13. Be2 Nfd7 14. Nd3 e5 15. dxe5 Bxf3 16. Bxf3 Nxe5 17. Nxe5 Bxe5 18. Qc2 Ra7 19. b3 Rd7 20. Ke2 Qh4 21. Rhd1 Rfd8 22. h3 Qf6 23. Kf1 h5 24. Be1 Qe6 25. Rxd7 Rxd7 26. Qe4 f5 27. Qc2 Kg7 28. Qc5 Bf6 29. Qxa5 Qxb3 30. Qxb4 Qxb4 31. Bxb4 Ra7 32. Bd6 Nd7 33. Bxc6 Nb6 34. Bc5 1-0